[Event "NLD-chT9697"]
[Site "Holland"]
[Date "1996.??.??"]
[Round "?"]
[White "Kuijf, Hans"]
[Black "Bosch, Jeroen"]
[Result "1-0"]
[WhiteElo "2265"]
[BlackElo "2440"]

1.d4 Nf6 2.Nc3 d6 3.e4 Nbd7 4.f4 e5 5.Nf3 c6 6.a4 Be7 7.Be2 O-O 8.O-O a5
9.Kh1 Qb6 10.Qd3 exd4 11.Nxd4 Nc5 12.Qe3 Re8 13.Nb3 Nfd7 14.Nxc5 Nxc5 15.Bd3 Qd8
16.Qf3 Bf8 17.Bd2 Nxd3 18.Qxd3 b6 19.Rfe1 Ba6 20.Qd4 Be7 21.Be3 Bf6 22.Qxb6 Qd7
23.e5 dxe5 24.Ne4 Bd8 25.Qc5 Be7 26.Qb6 Reb8 27.Qxa5 Bb4 28.Qxe5 Re8 29.Nc5 Qc8
30.Qg5 f6 31.Qg3 Bxe1 32.Rxe1 Qf5 33.Bd4 Rxe1+ 34.Qxe1 Kf7 35.Qc3 Re8 36.Nxa6 Qxf4
37.Qb3+ Kg6 38.Qg3+ Qxg3 39.hxg3 Re4 40.c3 Re2 41.b4 Kf5 42.Nc5 Kg4 43.Kh2 h5
44.a5 Ra2 45.Nd7 h4 46.gxh4 Kxh4 47.c4 Kg4 48.Nb8 f5 49.Nxc6 g5 50.b5 f4
51.b6  1-0

[Event "NLD-chT9697"]
[Site "Holland"]
[Date "1996.??.??"]
[Round "?"]
[White "Vrenegoor, Taco"]
[Black "Hania, J."]
[Result "1-0"]
[WhiteElo "2310"]
[BlackElo "2315"]

1.e4 d6 2.d4 Nf6 3.Nc3 c6 4.f4 Qa5 5.Bd3 e5 6.Nf3 Bg4 7.Be3 Nbd7 8.O-O Be7
9.h3 Bxf3 10.Qxf3 O-O 11.Ne2 Rfe8 12.c3 Bf8 13.a3 Qd8 14.Bf2 Qc7 15.g4 h6
16.Rae1 b5 17.Ng3 Nh7 18.Be3 Nb6 19.b3 a5 20.h4 a4 21.b4 Nc4 22.Bxc4 bxc4
23.g5 g6 24.h5 hxg5 25.f5 gxh5 26.f6 exd4 27.cxd4 c5 28.Nxh5 Bh6 29.Re2 cxd4
30.Bxd4 Qc6 31.Ng3 Re6 32.Rh2 Nf8  1-0

[Event "Hawaii op"]
[Site "Honolulu"]
[Date "1996.??.??"]
[Round "?"]
[White "Nakamura, Clyde J"]
[Black "Blatny, Pavel"]
[Result "0-1"]
[WhiteElo "2060"]
[BlackElo "2515"]

1.e4 d6 2.d4 Nf6 3.Nc3 c6 4.f4 Qa5 5.Bd3 e5 6.Nf3 Nbd7 7.O-O Be7 8.Kh1 O-O
9.Bd2 Qc7 10.a4 exd4 11.Nxd4 Nc5 12.Qf3 Nxd3 13.Qxd3 Nd7 14.Nf5 Nc5 15.Nxe7+ Qxe7
16.Qf3 f5 17.e5 dxe5 18.fxe5 Be6 19.Qg3 Bc4 20.Rf4 Qe6 21.Re1 Bd5 22.Rh4 Ne4  0-1

[Event "HUN-chT1 9596"]
[Site "HUN"]
[Date "1996.??.??"]
[Round "9"]
[White "Medvegy, Zoltan"]
[Black "Lendvai, Edit"]
[Result "1-0"]
[WhiteElo "2125"]
[BlackElo "2105"]

1.e4 d6 2.d4 Nf6 3.Nc3 Nbd7 4.f4 e5 5.dxe5 dxe5 6.fxe5 Nxe5 7.Qxd8+ Kxd8
8.Bf4 Ng6 9.O-O-O+ Bd7 10.Bg3 Bb4 11.Nd5 Nxd5 12.exd5 f5 13.Nh3 h6 14.Be2 Rf8
15.Bh5 Rf6 16.Bxg6 Rxg6 17.Nf4 Ra6 18.Nd3 Be7 19.Be5 Bg5+ 20.Kb1 Bf6 21.Rde1 Bxe5
22.Rxe5 Rf6 23.Rhe1 Rf7 24.h4 a5 25.h5 Ra6 26.Nc5 Ra7 27.Rf1 b6 28.Nxd7 Kxd7
29.Rfxf5 Rxf5 30.Rxf5 Ke7 31.c4 Ra8 32.Kc2 Rg8 33.Re5+ Kd7 34.Re6 Rf8 35.Rg6 Rf7
36.Kb3 Re7 37.Ka4 Kc8 38.b3 Kb7 39.Kb5 Rf7 40.a3 Re7 41.b4 axb4 42.axb4 Rd7
43.g3 Rf7 44.c5 bxc5 45.bxc5 Rf5 46.c6+ Ka7 47.Kc5 Rf7 48.g4 Kb8 49.Re6 Ka7
50.Re8 Rf1 51.Re4 Ra1 52.Rb4 Rc1+ 53.Kd4 Rd1+ 54.Ke5 Re1+ 55.Kf5 Re7 56.Rb7+ Ka6
57.d6 Rf7+ 58.Kg6 Rf6+ 59.Kxg7 Rxd6 60.Rxc7 Kb6 61.Rc8  1-0

[Event "HUN-chT1 9596"]
[Site "HUN"]
[Date "1996.??.??"]
[Round "10"]
[White "Turzo, Attila"]
[Black "Horvath, Adam"]
[Result "1-0"]
[WhiteElo "2265"]
[BlackElo "2195"]

1.e4 d6 2.d4 Nf6 3.Nc3 c6 4.f3 Nbd7 5.Be3 e5 6.g4 b5 7.Qd2 Be7 8.a4 b4 9.Nce2 a5
10.Ng3 g6 11.h4 h5 12.g5 Nh7 13.f4 exf4 14.Bxf4 Nb6 15.Nf3 Bg4 16.Qe3 O-O
17.Bg2 Re8 18.O-O Bf8 19.Qd3 Bg7 20.c3 bxc3 21.bxc3 Nf8 22.Be3 Qc7 23.Nd2 Rad8
24.Ne2 Re7 25.Nf4 Rde8 26.Nb3 Qa7 27.Bf2 Bc8 28.Rfe1 Ba6 29.Qc2 Bb7 30.Nd2 Kh8
31.Rad1 Nfd7 32.Nd3 Qa8 33.c4 Ba6 34.Nf4 Qb8 35.Be3 Qc7 36.c5 dxc5 37.dxc5 Nd5
38.exd5 Rxe3 39.Rxe3 Rxe3 40.d6 Qa7 41.Ne4 Be5 42.Qf2 Rb3 43.Nxh5 gxh5 44.Qxf7 Rb7
45.g6 Bg7 46.Bh3 Be2 47.Bxd7 Rb8 48.Re1 Rf8 49.Qe7 Qa6 50.Nf2 Bf3 51.Be6 Qa8
52.Bh3 Qb8 53.Qg5 Qb2 54.Bg2  1-0

[Event "HUN-chT1 9596"]
[Site "HUN"]
[Date "1996.??.??"]
[Round "12"]
[White "Horvath, Tamas"]
[Black "Ozsvath, Andras"]
[Result "1-0"]
[WhiteElo "2410"]
[BlackElo "2290"]

1.e4 d6 2.d4 Nf6 3.Nc3 Nbd7 4.Nf3 e5 5.Bc4 h6 6.h3 c6 7.a4 Qa5 8.Qe2 Be7
9.Bd2 Qc7 10.O-O O-O 11.Ba2 a5 12.Nh4 exd4 13.Nf5 Bd8 14.Nxd4 Nc5 15.Qf3 Qe7
16.Rfe1 Re8 17.Nf5 Bxf5 18.Qxf5 Bb6 19.Be3 Nfd7 20.Bxh6 Ne6 21.Bxe6 fxe6
22.Qg4 Bxf2+ 23.Kxf2 Qf6+ 24.Bf4 Rf8 25.Kg3 Rf7 26.Qg5 Qd4 27.Rad1 Qb4 28.Bxd6 Qxb2
29.Qd2 Qb6 30.Kh2 Rf2 31.Re2 Rf7 32.Rb1 Qa7 33.Qe3 Qa6 34.Qd3 Qa7 35.e5 Rd8
36.Qc4 Re8 37.Ne4 Rf5 38.Ng3 Rf7 39.Nh5 Nf8 40.Nf4 b5 41.axb5 cxb5 42.Rxb5 Qa6
43.Rc5 Qxc4 44.Rxc4 Nd7 45.Nd3 Nb6 46.Rc6 Nd5 47.Ra6 Nc3 48.Rf2 Rxf2 49.Nxf2 a4
50.Bb4 Nd5 51.Rxa4 Rc8 52.c3 Rc4 53.Ra8+ Kf7 54.Rf8+ Kg6 55.Nd3 Re4 56.Bd6 Re3
57.Nf4+ Nxf4 58.Rxf4 Rxc3 59.Bf8 Re3 60.Rg4+ Kh5 61.Rxg7 Rxe5 62.Rg8 Re2
63.Kg3 e5 64.h4 Re3+ 65.Kf2 Re4 66.g3  1-0

[Event "HUN-chT1 9697"]
[Site "Hungary"]
[Date "1996.??.??"]
[Round "3"]
[White "Tompa, Janos"]
[Black "Vadasz, Laszlo"]
[Result "1/2-1/2"]
[WhiteElo "2455"]
[BlackElo "2375"]

1.e4 d6 2.d4 Nf6 3.Nc3 c6 4.Nf3 Bg4 5.Be2 Nbd7 6.Be3 e5 7.Nd2 Bxe2 8.Qxe2 Be7
9.O-O O-O 10.Rad1 b5 11.f4 exf4 12.Rxf4 Ne8 13.Rg4 a6 14.Rf1 Bf6 15.a3 g6
16.Kh1 Bg7 17.Nf3 Nc7 18.Qd2 Qe7 19.Rh4 Rae8 20.Bh6 f6 21.Bxg7 Qxg7 22.Rg4 f5
23.exf5 Rxf5 24.Re4 d5 25.Rxe8+  1/2-1/2

[Event "HUN-chT1 9697"]
[Site "Hungary"]
[Date "1996.??.??"]
[Round "4"]
[White "Poor, Istvan"]
[Black "Korpics, Zsolt"]
[Result "0-1"]
[WhiteElo "2305"]
[BlackElo "2325"]

1.e4 d6 2.d4 Nf6 3.Nc3 Nbd7 4.g3 e5 5.Nge2 Be7 6.Bg2 O-O 7.O-O c6 8.h3 Re8
9.f4 b5 10.a3 a5 11.Be3 Bb7 12.d5 cxd5 13.exd5 b4 14.Na2 Nb6 15.axb4 Nbxd5
16.Bf2 axb4 17.Nxb4 Rxa1 18.Qxa1 exf4 19.gxf4 Bf8 20.Nxd5 Bxd5 21.Nc3 Bxg2
22.Kxg2 Qd7 23.Qa5 Qb7+ 24.Kg1 Qxb2 25.Bd4 Qxc2 26.Bxf6 Qg6+ 27.Bg5 h6 28.Qb5 Rc8
29.Rf3 hxg5 30.Qxg5 Rxc3  0-1

[Event "HUN-chT1 9697"]
[Site "Hungary"]
[Date "1996.??.??"]
[Round "6"]
[White "Fogarasi, Tibor"]
[Black "Ruck, Robert"]
[Result "1/2-1/2"]
[WhiteElo "2500"]
[BlackElo "2455"]

1.e4 d6 2.d4 Nf6 3.Nc3 Nbd7 4.Nf3 e5 5.Bc4 Be7 6.O-O O-O 7.Qe2 c6 8.a4 exd4
9.Nxd4 Re8 10.Ba2 Bf8 11.Qf3 Ne5 12.Qg3 Neg4 13.f3 Ne5 14.Kh1 Ng6 15.Bd2 Bd7
16.Rad1 a6 17.b4 b5 18.axb5 axb5 19.Bb3 Qb8 20.Nf5 d5 21.Qxb8 Raxb8 22.Ng3 Rbc8  1/2-1/2

[Event "Imperia op"]
[Site "Imperia"]
[Date "1996.??.??"]
[Round "5"]
[White "Wohl, Aleksandar H"]
[Black "Micheli, Carlo"]
[Result "1-0"]
[WhiteElo "2400"]
[BlackElo "2305"]

1.e4 d6 2.d4 Nf6 3.Nc3 c6 4.Nf3 Bg4 5.h3 Bh5 6.g4 Bg6 7.Qe2 e6 8.h4 h5 9.g5 Nfd7
10.a4 a5 11.d5 e5 12.Bh3 Na6 13.O-O Be7 14.Bf5 Nb4 15.dxc6 bxc6 16.Nd1 Nc5
17.Ne1 Bxf5 18.exf5 Qd7 19.Be3 Qxf5 20.Bxc5 dxc5 21.Ne3 Qe6 22.N1g2 Nd5 23.Nc4 e4
24.Rae1 f5 25.f3 O-O 26.fxe4 fxe4 27.Rxf8+ Bxf8 28.Qxe4 Qxe4 29.Rxe4 Kf7
30.Ne5+ Ke6 31.Nxc6+ Kd6 32.Ne5 Ra7 33.Nc4+ Kd7 34.Re5 Nb4 35.c3 Nc6 36.Rd5+ Kc8
37.Nf4 Re7 38.Rf5 Re8 39.Ng6 Be7 40.Rf7 Kd7  1-0

[Event "Imperia op"]
[Site "Imperia"]
[Date "1996.??.??"]
[Round "9"]
[White "Bozzali, Ermanno"]
[Black "Barlocco, Carlo"]
[Result "1-0"]
[WhiteElo "2195"]
[BlackElo "2195"]

1.e4 d6 2.d4 Nf6 3.Nc3 e5 4.dxe5 dxe5 5.Qxd8+ Kxd8 6.Bg5 Be6 7.O-O-O+ Nd7
8.Nf3 Bd6 9.Nd2 Ke7 10.Bc4 c6 11.Bxe6 Kxe6 12.Nc4 Bc7 13.Ne3 h6 14.Bh4 g5
15.Bg3 Bb8 16.Nf5 Ne8 17.Na4 Bc7 18.Rd2 b5 19.Rhd1 bxa4 20.Rxd7 Kf6 21.f3 Rc8
22.Bf2 Ng7 23.Nd6 Bxd6 24.R1xd6+ Ne6 25.Rxa7 Rhd8 26.Rxd8 Rxd8 27.Rxa4 Nf4
28.b3 Nxg2 29.Ra6 Rc8 30.Kb2 g4 31.fxg4 Kg5 32.h3 Nf4 33.Ra5 f6 34.Be3 Kh4
35.Ra7 Kxh3 36.Rh7 Kxg4 37.Rxh6 Rg8 38.Bc5 Rg7 39.Rh1 Ne6 40.Bb6 Kf3 41.Re1 Ng5
42.Re3+ Kf4 43.Rc3 Nxe4 44.Rxc6 f5 45.a4 Nf6 46.Bc7 Ke4 47.Rc4+ Kd5 48.a5 Ne8
49.Bb6 Rg6 50.Rc8 Nd6 51.Rc5+ Ke6 52.a6 Rg8 53.Ra5 Nc8 54.Bc5 Rg7 55.a7 Nxa7
56.Rxa7 Rxa7 57.Bxa7 f4 58.Kc3 e4 59.Kd2 Kf5 60.c4 Kg4 61.c5 e3+ 62.Ke2 Kg3
63.Bb8  1-0

[Event "Isle of Man op"]
[Site "Isle of Man"]
[Date "1996.??.??"]
[Round "5"]
[White "Markov, Jurij"]
[Black "Hartoch, Robert G"]
[Result "1/2-1/2"]
[WhiteElo "2420"]
[BlackElo "2295"]

1.e4 d6 2.d4 Nf6 3.Nc3 e5 4.dxe5 dxe5 5.Qxd8+ Kxd8 6.Bc4 Be6 7.Bxe6 fxe6
8.Nf3 Bd6 9.Bd2 Nc6 10.O-O-O Ke7  1/2-1/2

[Event "Isle of Man op"]
[Site "Isle of Man"]
[Date "1996.??.??"]
[Round "5"]
[White "Kristensen, Bjarke"]
[Black "Hodgson, Julian M"]
[Result "1/2-1/2"]
[WhiteElo "2420"]
[BlackElo "2550"]

1.e4 d6 2.d4 Nf6 3.Nc3 c6 4.Nf3 Bg4 5.h3 Bh5 6.Be2 e6 7.O-O d5 8.exd5 Bxf3
9.Bxf3 cxd5 10.Re1 Nc6 11.Bf4 Bd6 12.Bxd6 Qxd6 13.Nb5 Qd7 14.c4 dxc4 15.d5 Ne7
16.Nc3 exd5 17.Nxd5 Nxd5 18.Qxd5 Qxd5 19.Bxd5 Rb8 20.Rad1 h5 21.Bxc4 b5 22.Bf1 Rh6
23.Re5 a6 24.Be2 h4 25.Bg4 Rb7 26.Rg5 g6 27.Rd6 Ra7 28.Rc5 Kf8 29.Bc8 Nxc8
30.Rxc8+ Kg7 31.Rcc6 Re7 32.Kf1 Rh5 33.Rxa6 Rhe5 34.Rd1 Re2 35.Rad6 Rxb2
36.R6d2  1/2-1/2

[Event "Isle of Man op"]
[Site "Isle of Man"]
[Date "1996.??.??"]
[Round "7"]
[White "Emms, John M"]
[Black "Hartoch, Robert G"]
[Result "1-0"]
[WhiteElo "2500"]
[BlackElo "2295"]

1.e4 d6 2.d4 Nf6 3.Nc3 e5 4.Nf3 Nbd7 5.Bc4 Be7 6.O-O O-O 7.a4 a6 8.a5 exd4
9.Qxd4 Nc5 10.h3 Be6 11.Re1 Nfd7 12.Nd5 Bxd5 13.exd5 Bf6 14.Qd1 Ne5 15.Bf1 Nxf3+
16.Qxf3 Re8 17.Re2 Rxe2 18.Bxe2 Bg5 19.b4 Nd7 20.Bb2 Bf6 21.Bxf6 Qxf6 22.Qxf6 Nxf6
23.Bf3 Kf8 24.Kf1 Ke7 25.Ke2 Kd7 26.Kd2 Re8 27.Re1 Rxe1 28.Kxe1 Ke7 29.Kd2 Nd7
30.Be2 Nf6 31.Bf3 Nd7 32.Kc3 b6 33.b5 bxa5 34.bxa6 Nb6 35.a7 Kd8 36.Be2 c5
37.Bb5 Nxd5+ 38.Kb3  1-0

[Event "ISR-chT"]
[Site "Israel"]
[Date "1996.??.??"]
[Round "5"]
[White "Har Zvi, Ronen"]
[Black "Porper, Eduard"]
[Result "1-0"]
[WhiteElo "2510"]
[BlackElo "2425"]

1.e4 d6 2.d4 Nf6 3.Nc3 e5 4.dxe5 dxe5 5.Qxd8+ Kxd8 6.Bc4 Be6 7.Bxe6 fxe6
8.f3 Nbd7 9.Nh3 Bc5 10.Nf2 a6 11.Ncd1 Ke7 12.Nd3 Bd6 13.b3 Nc5 14.N1f2 Nxd3+
15.Nxd3 Nd7 16.Bb2 a5 17.a4 Ra6 18.Rd1 Rb8 19.Ke2 b5 20.axb5 Rxb5 21.Ra1 Rc6
22.Rhc1 Ke8 23.Ba3 Ra6 24.Bxd6 cxd6 25.b4 a4 26.c4 Rb7 27.Rc3 Rc7 28.Kd2 a3
29.Kc2 Rca7 30.Ra2 Nb8 31.c5 Nc6 32.cxd6 Nd4+ 33.Kb1 Nb5 34.Rc8+ Kd7 35.Rc5 Nxd6
36.Nxe5+ Ke8 37.Rd2 a2+ 38.Ka1 Rb6 39.Rxa2 Rxa2+ 40.Kxa2 Rxb4 41.Rc7 Rb5
42.Nd3 Rb7 43.Rxb7 Nxb7 44.Kb3 Kf7 45.Kc4 Kf6 46.Kd4 h5 47.h4 Na5 48.g4 hxg4
49.fxg4 Nc6+ 50.Kc5 Nd8 51.Kd6 Nf7+ 52.Kd7 g5 53.h5 e5 54.Nb4 Nh6 55.Nd5+ Kf7
56.Ne3 Kf6 57.Ke8 Kg7 58.Nf5+ Nxf5 59.gxf5 g4 60.Ke7 g3 61.f6+ Kh7 62.f7 g2
63.f8=Q g1=Q 64.Qf5+ Kh8 65.Qxe5+ Kh7 66.Qf5+ Kh8 67.Qf6+ Kh7 68.Qg6+  1-0

[Event "Jyvaskyla op2"]
[Site "Jyvaskyla"]
[Date "1996.??.??"]
[Round "5"]
[White "Tikkanen, Kari"]
[Black "Karpatchev, Aleksandr"]
[Result "0-1"]
[WhiteElo "2265"]
[BlackElo "2390"]

1.d4 d6 2.e4 Nf6 3.Nc3 c6 4.Be2 e5 5.Nf3 Qc7 6.a4 Bg4 7.O-O Be7 8.dxe5 dxe5
9.Nh4 Bxe2 10.Qxe2 g6 11.Bh6 Nbd7 12.g3 O-O-O 13.Rab1 a5 14.Ng2 Nc5 15.Qc4 Ne6
16.Ne2 Ng4 17.Bc1 Bc5 18.Ne3 h5 19.Qc3 Bd4 20.Qa3 Bc5 21.Qc3 Nf6 22.Qc4 h4
23.Kg2 Rh7 24.Rh1 h3+ 25.Kf1 Ng4 26.Nc3 Nxe3+ 27.Bxe3 Bxe3 28.fxe3 Rd2 29.Re1 Rxc2
30.Qb3 Rg2 31.Re2 Qd8 32.Nd1 Ng5 33.Qc2 Nf3 34.Rf2 f6 35.Qe2 Rd7 36.Nc3 Rd2
37.Qxf3 Qd3+  0-1

[Event "SLO-ch U20 Girls"]
[Site "Kranj"]
[Date "1996.??.??"]
[Round "2"]
[White "Grosar, Kiti"]
[Black "Zugaj, Zvijezdana"]
[Result "1-0"]
[WhiteElo "2225"]
[BlackElo "1905"]

1.e4 d6 2.d4 Nf6 3.Nc3 c6 4.f3 Qa5 5.Be3 g6 6.Qd2 Bg7 7.O-O-O O-O 8.g4 b5
9.Kb1 Qc7 10.Bh6 a5 11.h4 e5 12.dxe5 dxe5 13.h5 Ba6 14.Nh3 b4 15.Ne2 c5 16.hxg6 fxg6
17.Bxg7 Qxg7 18.g5 Nxe4 19.fxe4  1-0

[Event "SLO-ch U18"]
[Site "Kranj"]
[Date "1996.??.??"]
[Round "3"]
[White "Sedonja, J."]
[Black "Hrelja, Branko"]
[Result "1/2-1/2"]
[WhiteElo "1825"]
[BlackElo "1845"]

1.e4 d6 2.d4 Nf6 3.Nc3 e5 4.dxe5 dxe5 5.Qxd8+ Kxd8 6.Bg5 Be6 7.Nf3 Bd6 8.O-O-O Ke7
9.h3 a6 10.Nd5+ Bxd5 11.Rxd5 h6 12.Bxf6+ gxf6 13.Nh4 Nc6 14.c3 b5 15.Be2 h5
16.Rhd1 Kf8 17.R5d3 Ne7 18.Rf3 Rh6 19.Nf5 Nxf5 20.Rxf5 h4 21.Bg4 Ke7 22.g3 Rg8
23.Kc2 Rg5 24.Rf3 Rg8 25.Rd5 Rd8 26.Rf5 Rg8 27.gxh4 Rxh4 28.Kb3 Rg5 29.f3 Rh8  1/2-1/2

[Event "SLO-ch U20 Girls"]
[Site "Kranj"]
[Date "1996.??.??"]
[Round "7"]
[White "Stevanec, Lea"]
[Black "Zugaj, Zvijezdana"]
[Result "1/2-1/2"]
[WhiteElo "2040"]
[BlackElo "1905"]

1.e4 d6 2.d4 Nf6 3.Nc3 c6 4.f3 Qa5 5.Bd3 Nbd7 6.Ne2 e5 7.Be3 b5 8.Qd2 Qc7
9.a3 a5 10.g4 Nb6 11.b3 Bb7  1/2-1/2

[Event "La Valeta op"]
[Site "La Valeta"]
[Date "1996.??.??"]
[Round "6"]
[White "Mifsud, Timothy"]
[Black "Wade, Robert Graham"]
[Result "1-0"]
[WhiteElo "2230"]
[BlackElo "2265"]

1.e4 d6 2.d4 Nf6 3.Nc3 c6 4.Be3 Qa5 5.Qd2 e5 6.O-O-O Be7 7.Kb1 Ng4 8.Bd3 Nxe3
9.fxe3 Bf6 10.Nf3 Bg4 11.Be2 O-O 12.h3 Bxf3 13.Bxf3 Nd7 14.Bg4 Rfd8 15.Rhf1 Qb6
16.Ne2 exd4 17.exd4 c5 18.c3 cxd4 19.cxd4 Nf8 20.Nc3 d5 21.Nxd5 Rxd5 22.exd5 Rd8
23.Bf3 Ng6 24.Qc3 Ne7 25.Qc5 Nf5 26.Qxb6 axb6 27.Rd3 Nd6 28.Rc1 Re8 29.Rc7 g6
30.Bg4 h5 31.Bf3 Re1+ 32.Kc2 Nb5 33.Rxb7 Nxd4+ 34.Rxd4 Bxd4 35.d6 Rf1 36.d7 Rf2+
37.Kd1 Bf6 38.Rb8+ Kg7 39.d8=Q Bxd8 40.Rxd8 Rxb2 41.Rd2 Rb4 42.Kc2 f5 43.Kc3 Ra4
44.Kb3 Rh4 45.Rd6 g5 46.Rxb6 g4 47.hxg4 hxg4 48.Bb7 f4 49.Rb4  1-0

[Event "Laguna olm blind"]
[Site "Laguna"]
[Date "1996.??.??"]
[Round "7"]
[White "Benson, Paul J"]
[Black "Atanasov, Radislav"]
[Result "1-0"]
[WhiteElo "2010"]
[BlackElo "2265"]

1.e4 d6 2.d4 Nf6 3.Nc3 c6 4.f4 Qa5 5.Bd3 e5 6.dxe5 dxe5 7.fxe5 Ng4 8.Nf3 Bc5
9.Rf1 Ne3 10.Bxe3 Bxe3 11.Qe2 Bh6 12.h3 Qb6 13.Nd1 O-O 14.Qf2 Qxf2+ 15.Kxf2 Nd7
16.Ne3 Bxe3+ 17.Kxe3 Nc5 18.Nd4 Be6 19.Nxe6 Nxe6 20.Bc4 Rfe8 21.Rad1 Re7
22.Rd6 Rae8 23.Bxe6 Rxe6 24.Rd7 R8e7 25.Rxe7 Rxe7 26.Rd1 Kf8 27.Kf4 Ke8 28.c4 Rd7
29.Rd6 Ke7 30.c5 Rd8 31.g4 Rc8 32.b4 Re8 33.a4 Rc8 34.Rd3 Rc7 35.Rd6 Rc8
36.h4 a5 37.Rd4 axb4 38.Rxb4 Rc7 39.h5 Rd7 40.g5 Ke6 41.a5 Rc7 42.Rd4 Rc8
43.Rd6+ Ke7 44.e6 fxe6 45.Ke5 Ra8 46.Rxe6+ Kd7 47.h6 g6 48.Kf6  1-0

[Event "Las Palmas op"]
[Site "Las Palmas"]
[Date "1996.??.??"]
[Round "2"]
[White "Menvielle Lacourrelle, Augusto"]
[Black "Izeta Txabarri, Felix"]
[Result "0-1"]
[WhiteElo "2285"]
[BlackElo "2525"]

1.e4 d6 2.d4 Nf6 3.Nc3 Nbd7 4.Nf3 e5 5.Bc4 Be7 6.O-O O-O 7.Re1 c6 8.a4 b6
9.Bg5 a6 10.Qd2 Bb7 11.Rad1 Qc7 12.Nh4 Rfe8 13.Nf5 Bf8 14.dxe5 dxe5 15.Bxf6 Nxf6
16.Qg5 Kh8 17.Rd3 Bc8 18.Red1 b5 19.Nh6 Be6 20.Bxe6 Rxe6 21.Nf5 b4 22.Ne2 Nxe4
23.Qh4 Nd6 24.Neg3 Rae8 25.Nxd6 Rxd6 26.Qc4 Rxd3 27.Rxd3 a5 28.Ne4 h6 29.g3 f5
30.Nc5 Bxc5 31.Qxc5 e4 32.Rd6 f4 33.gxf4 Qf7 34.Qe3 c5 35.Ra6 Qd5 36.Rxa5 Re6
37.f5 Qxf5 38.Rxc5 Qg4+ 39.Qg3 Qd1+ 40.Kg2 Kh7 41.Kh3 Rf6 42.f4 Rg6  0-1

[Event "Las Palmas op"]
[Site "Las Palmas"]
[Date "1996.??.??"]
[Round "4"]
[White "Mellado Trivino, Juan"]
[Black "Rodriguez, Blas"]
[Result "1-0"]
[WhiteElo "2455"]
[BlackElo "2250"]

1.e4 d6 2.d4 Nf6 3.Nc3 c6 4.f4 Qa5 5.Bd3 e5 6.Nf3 Nbd7 7.Be3 Be7 8.O-O Ng4
9.Bd2 Qc7 10.h3 Ngf6 11.Qe2 O-O 12.g4 g6 13.Be3 exf4 14.Bxf4 Ne8 15.Rf2 Ng7
16.Raf1 Nb6 17.e5 Nd5 18.Nxd5 cxd5 19.c3 Be6 20.Qe3 Rae8 21.Ng5 dxe5 22.Bxe5 Bd6
23.Qg3 Bxe5 24.dxe5 Bc8 25.Nxf7  1-0

[Event "Lazne Bohdanec-B"]
[Site "Lazne Bohdanec"]
[Date "1996.??.??"]
[Round "9"]
[White "Blehm, Pawel"]
[Black "Pribyl, Josef"]
[Result "1/2-1/2"]
[WhiteElo "2435"]
[BlackElo "2415"]

1.e4 d6 2.d4 Nf6 3.Nc3 e5 4.Nf3 Nbd7 5.Bc4 Be7 6.O-O O-O 7.Qe2 c6 8.a4 b6
9.Rd1 Qc7 10.h3 Bb7 11.Ba2 a6 12.d5 cxd5 13.Bxd5 Nxd5 14.Nxd5 Bxd5 15.Rxd5 h6  1/2-1/2

[Event "NLD-ch stud Leeuwarden"]
[Site "Leeuwarden"]
[Date "1996.??.??"]
[Round "4"]
[White "Van der Brink, Peter"]
[Black "Wuts, Frank"]
[Result "0-1"]
[WhiteElo "2190"]
[BlackElo "2305"]

1.e4 d6 2.d4 Nf6 3.Nc3 c6 4.f4 Qa5 5.Bd3 e5 6.dxe5 dxe5 7.f5 Nbd7 8.Nf3 Bc5
9.Qe2 Qb6 10.Nd1 Ng4 11.h3 Ngf6 12.g4 h6 13.c3 Qc7 14.Be3 b6 15.Nf2 Bb7 16.O-O-O O-O-O
17.Rd2 Nh7 18.Rhd1 b5 19.Bxc5 Nxc5 20.Bc2 f6 21.b4 Rxd2 22.Rxd2 Nd7 23.Bb3 Rd8
24.Kb2 a5 25.a3 Nhf8 26.c4 axb4 27.axb4 bxc4 28.Qxc4 Nb6 29.Rxd8+ Kxd8 30.Qg8 Qe7
31.Nd3 Nd7 32.Be6 Kc7 33.Bxd7 Nxd7 34.Kc3 Ba6 35.Nfe1 c5 36.Qb3 c4 37.Qa4 Qd6
38.Qa5+ Kb8 39.Qd8+ Bc8 40.Nc5 Qd4+ 41.Kc2 Nxc5 42.Qxd4 exd4 43.bxc5 Bb7
44.e5 fxe5 45.h4 Kc7 46.Kd2 e4 47.g5 hxg5 48.hxg5 Bd5 49.Nc2 c3+ 50.Kc1 d3
51.Nd4 Kc8 52.f6 gxf6 53.gxf6 e3 54.Kd1 Bc4 55.f7 Bxf7 56.c6 Bh5+  0-1

[Event "NLD-ch stud Leeuwarden"]
[Site "Leeuwarden"]
[Date "1996.??.??"]
[Round "5"]
[White "Lemmers, Oscar"]
[Black "Van de Mortel, Jan"]
[Result "1/2-1/2"]
[WhiteElo "2360"]
[BlackElo "2315"]

1.e4 d6 2.d4 Nf6 3.Nc3 e5 4.Nf3 exd4 5.Nxd4 g6 6.Nde2 Bg7 7.g3 O-O 8.Bg2 Re8
9.O-O Nc6 10.h3 a6 11.Nf4 Na5 12.Rb1 c6 13.Qd3 b5 14.Rd1 Ra7 15.a3 Nc4 16.b3 Ne5
17.Qf1 Rae7 18.Be3 Qc7 19.Rd2 Ned7 20.Bd4 Bb7 21.Rbd1 Nc5 22.f3 Ne6 23.Nxe6 Rxe6
24.Ne2 c5 25.Bxf6 Bxf6 26.Nf4 R6e7 27.Nd5 Bxd5 28.Rxd5 Qa5 29.Kh2  1/2-1/2

[Event "Leiner op"]
[Site "Leiner"]
[Date "1996.??.??"]
[Round "1"]
[White "Boronyak, Arpad"]
[Black "Laske, Erich"]
[Result "1-0"]
[WhiteElo "2325"]
[BlackElo "2115"]

1.e4 d6 2.d4 Nf6 3.Nc3 c6 4.f4 Qa5 5.Bd2 e5 6.Nf3 exd4 7.Nxd4 Qb6 8.Bc1 Be7
9.Be2 O-O 10.O-O d5 11.e5 Nfd7 12.Kh1 Bc5 13.Nf5 g6 14.Nh6+ Kg7 15.f5 Nxe5
16.f6+ Kh8 17.Na4 Qa5 18.Nxc5 Qxc5 19.Bf4 Nc4 20.Bxc4 Qxc4 21.Bd6 Nd7 22.Rf4 Qb5
23.Bxf8 Nxf8 24.Nxf7+ Kg8 25.Nh6+ Kh8 26.Qd4 c5 27.Qe5  1-0

[Event "Leiner op"]
[Site "Leiner"]
[Date "1996.??.??"]
[Round "3"]
[White "Boronyak, Arpad"]
[Black "Stuhlik, Marko"]
[Result "0-1"]
[WhiteElo "2325"]
[BlackElo "2225"]

1.e4 d6 2.d4 Nf6 3.Nc3 c6 4.Nf3 g6 5.Bd3 Bg7 6.O-O O-O 7.h3 Qc7 8.Be3 a5
9.Qd2 e5 10.Rad1 Re8 11.Rfe1 b5 12.Bg5 Nbd7 13.dxe5 dxe5 14.Bf1 Bb7 15.Qd6 Qxd6
16.Rxd6 h6 17.Bh4 g5 18.Bg3 Bf8 19.Rdd1 Ra7 20.Bxb5 cxb5 21.Nxb5 Raa8 22.Nc7 Bc5
23.Nxe8 Rxe8 24.Nd2 a4 25.Nc4 Re7 26.Nd2 Nb6 27.c3 Nc8 28.Nc4 Kh7 29.Bxe5 Nxe4
30.Bd4 Rc7 31.f3 Ng3 32.b3 Ba6 33.Bxc5 Rxc5 34.Ne5 Rxe5 35.Rxe5 Ne2+ 36.Kf2 Nxc3
37.Rd7 a3 38.Rxf7+ Kg8 39.Rf6 Bb5  0-1

[Event "Leiner op"]
[Site "Leiner"]
[Date "1996.??.??"]
[Round "5"]
[White "Baumegger, Siegfried"]
[Black "Stuhlik, Marko"]
[Result "1-0"]
[WhiteElo "2265"]
[BlackElo "2225"]

1.e4 d6 2.d4 Nf6 3.Nc3 c6 4.Nf3 Qa5 5.Bd2 e5 6.dxe5 dxe5 7.Bc4 Qc5 8.Bb3 Bg4
9.h3 Bh5 10.Qe2 Nbd7 11.g4 Bg6 12.O-O-O Be7 13.g5 Nh5 14.Nh4 O-O-O 15.Nxg6 fxg6
16.Be3 Qa5 17.Be6 Kc7 18.Bxd7 Rxd7 19.Rxd7+ Kxd7 20.Rd1+ Kc7 21.Qc4 Kb8 22.Rd7 Bd8
23.Qf7 Bc7 24.Bxa7+ Kxa7 25.Rxc7 Qb6 26.b3 Qb4 27.Kb2 Rf8 28.Rxb7+ Qxb7 29.Qxf8 Qd7
30.Qc5+ Kb7 31.Qxe5 Qxh3 32.Na4  1-0

[Event "Leiner op"]
[Site "Leiner"]
[Date "1996.??.??"]
[Round "9"]
[White "Kleiser, Gregor"]
[Black "Stuhlik, Marko"]
[Result "1-0"]
[WhiteElo "2165"]
[BlackElo "2225"]

1.e4 d6 2.d4 Nf6 3.Nc3 c6 4.Nf3 g6 5.Bg5 Bg7 6.Qd2 h6 7.Bf4 Nh5 8.Be3 Nf6
9.Be2 Qc7 10.h3 Nbd7 11.Nh2 b5 12.a3 a6 13.Ng4 Bb7 14.Bf3 c5 15.O-O b4 16.Nxf6+ Nxf6
17.Nd5 Bxd5 18.exd5 bxa3 19.Rxa3 c4 20.Rfa1 Rb8 21.Rxa6 Rxb2 22.Qc3 Rb8 23.Rc6 Qb7
24.Qxc4 O-O 25.Rc7 Qb2 26.Qa2 Qxa2 27.Rxa2 Rfe8 28.c4 Rb4 29.Rc2 Ra8 30.Rxe7 Ne8
31.Kh2 Rc8 32.c5 Bxd4 33.Bxd4 Rxd4 34.cxd6  1-0

[Event "Anibal op 3rd"]
[Site "Linares"]
[Date "1996.??.??"]
[Round "?"]
[White "Burmakin, Vladimir"]
[Black "Galego, Luis"]
[Result "1/2-1/2"]
[WhiteElo "2535"]
[BlackElo "2445"]

1.d4 d6 2.e4 Nf6 3.Nc3 c6 4.Nf3 Bg4 5.h3 Bh5 6.Be2 e6 7.Be3 d5 8.e5 Nfd7
9.Nd2 Bg6 10.Nb3 a5 11.a4 Na6 12.O-O Nb4 13.Rc1 Qb6 14.Na1 c5 15.Nb5 Be7
16.c3 Nc6 17.dxc5 Bxc5 18.Bxc5 Nxc5 19.b4 Ne4 20.bxa5 Rxa5 21.c4 O-O 22.cxd5 exd5
23.Qxd5 Rd8 24.Qa2 Rd2 25.Qc4 Ra8 26.e6 Ng3 27.Rfe1 Ne5 28.Qc7 Qxc7 29.Nxc7 Nxe2+
30.Rxe2 Rxe2 31.exf7+ Kxf7 32.Nxa8 Rb2 33.a5 Nd3 34.Rc7+ Kf6 35.Nc2 Nxf2
36.Ne3 Nd3 37.Nb6 Be4 38.Nbd5+ Bxd5 39.Nxd5+ Kg6 40.Rc3  1/2-1/2

[Event "SWE-ch"]
[Site "Linkoping"]
[Date "1996.??.??"]
[Round "7"]
[White "Lind, Jan Olov"]
[Black "Johansson, Mikael"]
[Result "0-1"]
[WhiteElo "2310"]
[BlackElo "2325"]

1.e4 d6 2.d4 Nf6 3.Nc3 c6 4.Nf3 Bg4 5.Be2 e6 6.Ng1 Bxe2 7.Ngxe2 d5 8.O-O Nxe4
9.Nxe4 dxe4 10.Ng3 Qd5 11.b3 b5 12.Bb2 Nd7 13.Re1 f5 14.f3 e3 15.Rxe3 f4
16.c4 bxc4 17.bxc4 Qa5 18.Rxe6+ Kf7 19.Rxc6 fxg3 20.hxg3 Rb8 21.Bc1 Ba3 22.Bf4 Bb2
23.Bxb8 Bxa1 24.Qxa1 Rxb8 25.Qc1 Nf6 26.Qf4 Qe1+ 27.Kh2 Rb1 28.Rxf6+ gxf6
29.Kh3 h5 30.Qc7+ Kg6 31.g4 Qh1+ 32.Kg3 h4+ 33.Kf4 Re1 34.g3 Qh2  0-1

[Event "Lippstadt"]
[Site "Lippstadt"]
[Date "1996.??.??"]
[Round "1"]
[White "Luther, Thomas"]
[Black "Schmaltz, Roland"]
[Result "1/2-1/2"]
[WhiteElo "2495"]
[BlackElo "2440"]

1.e4 d6 2.d4 Nf6 3.Nc3 Nbd7 4.Nf3 e5 5.Bc4 Be7 6.O-O O-O 7.Re1 a6 8.a4 b6
9.d5 a5 10.Bb5 Nc5 11.Ra3 h6 12.h3 Nh7 13.Be3 Ng5 14.Bc6 Nxf3+ 15.Qxf3 Rb8
16.Qh5 Bg5 17.Bxg5 hxg5 18.g4 Qe7 19.Kg2 f6 20.Rh1 Qf7 21.Qxf7+ Rxf7 22.Be8 Re7
23.Bg6 Ba6 24.h4 gxh4 25.Rxh4 Nd7 26.g5 fxg5 27.Rg4 Nf8 28.Rxg5 Nxg6 29.Rxg6  1/2-1/2